Datum a čas kvízu
33
Celkem bodů
Celkový počet nahraných bodů na tomto kvízu bez doplňovacích otázek.
4.
Pořadí na kvízu
Konečné umístění týmu na tomto kvízu.
Zaznamenané odpovědi
| # | Otázka | Odpověď | Body | Výsledky |
|---|---|---|---|---|
| 1. | Prezident Pavel si při své dvo... | TON | 0 | |
| 2. | Parlament jednoho evropského s... | Spojené království (Velká Británie) | 1 | |
| 3. | Ve čtvrtek vystoupil v brněnsk... | Slash | 1 | |
| 4. | Abstraktní obraz Conception/Da... | František Kupka | 1 | |
| 5. | 21letý litevský reprezentant M... | C) hod diskem | 1 | |
| 6. | Bolívie má, stejně jako několi... | Sucre; La Paz | 0 | |
| 7. | Chemický prvek hafnium dostal... | o Kodaň | 0 | |
| 8. | Nyní vám dáme na výběr, zda si... | Windhoek; Manila | 0.5 | |
| 9. | Které malebné a nepříliš lidna... | Lublaň | 1 | |
| 10. | Kazachstán drží rekord v přejm... | Astana; Nur-Sultan | 0 |